000 00438 a2200145 4500
005 20250617142504.0
020 _a0-07-288290-5
082 _a004 SAW
100 _aSAWYER, S. C.
245 _aUsing Information Technology: A Practical In Introduction to Computer &Communications.
260 _aNew York,
_bMcgraw- Hill Companies,
_c2005.
300 _a113p.:Ill.; pictures,
_bIndex
_c27cm.
700 _aWILLIAMS, B. K.
942 _2ddc
_cBKS
999 _c149
_d149